[Event "EU-Cup 26th"]
[Site "Plovdiv"]
[Date "2010.10.22"]
[Round "6.1"]
[White "Seitaj, Ilir"]
[Black "Tsarouhas, Konstantinos"]
[Result "1/2-1/2"]
[WhiteElo "2390"]
[BlackElo "2182"]
[PlyCount "40"]
[EventDate "2010.10.17"]
[EventType "team-swiss"]
[EventRounds "7"]
[EventCountry "BUL"]
[SourceTitle "CBM 139"]
[Source "ChessBase"]
[SourceDate "2010.11.18"]
[SourceVersion "1"]
[SourceVersionDate "2010.11.18"]
[SourceQuality "1"]
[WhiteTeam "Butrinti"]
[BlackTeam "Chania Chess Academy"]
[WhiteTeamCountry "ALB"]
[BlackTeamCountry "GRE"]

1. e4 c5 2. c3 Nf6 3. e5 Nd5 4. d4 cxd4 5. Nf3 e6 6. cxd4 d6 7. a3 Nc6 8. Bd3 dxe5 9. dxe5 Be7 10. 0-0 g5 11. Bb5 Bd7 12. Nc3 Nxc3 13. bxc3 Nxe5 14. Nxe5 Bxb5 15. Qh5 0-0 16. Re1 Be8 17. Qh3 Rc8 18. c4 f5 19. Bb2 Bf6 20. Rad1 Qa5 1/2-1/2

[Event "GRE-chT Div-A 38th"]
[Site "Peristeri"]
[Date "2010.07.10"]
[Round "6"]
[White "Tsarouhas, Konstantinos"]
[Black "Sismanis, Aggelos"]
[Result "1/2-1/2"]
[WhiteElo "2205"]
[BlackElo "2226"]
[PlyCount "60"]
[EventDate "2010.07.05"]
[EventType "team-swiss"]
[EventRounds "7"]
[EventCountry "GRE"]
[SourceTitle "CBM 137 Extra"]
[Source "ChessBase"]
[SourceDate "2010.09.01"]
[SourceVersion "1"]
[SourceVersionDate "2010.09.01"]
[SourceQuality "1"]

1. c4 Nf6 2. Nc3 d5 3. cxd5 Nxd5 4. g3 g6 5. Bg2 Nb6 6. Nf3 Bg7 7. 0-0 0-0 8. d3 Nc6 9. Be3 h6 10. Rc1 e5 11. Na4 Nd5 12. Bd2 Nd4 13. Nxd4 exd4 14. Qb3 c6 15. Bxd5 cxd5 16. Rc5 Bd7 17. Rxd5 Qe8 18. Nc5 Bc6 19. Rd6 Qxe2 20. Bb4 Kh7 21. Nd7 Qf3 22. Nxf8+ Bxf8 23. Rxc6 bxc6 24. Bxf8 Rxf8 25. Qb4 Rd8 26. Re1 Rd5 27. Re8 Rf5 28. Qxd4 Qd1+ 29. Kg2 Qf3+ 30. Kg1 Qd1+ 1/2-1/2

[Event "GRE-chT 37th"]
[Site "Kallithea"]
[Date "2009.07.09"]
[Round "9"]
[White "Tsekouras, Theodoros"]
[Black "Tsarouhas, Konstantinos"]
[Result "1-0"]
[WhiteElo "2216"]
[BlackElo "2226"]
[PlyCount "41"]
[EventDate "2009.07.03"]
[EventType "team-tourn"]
[EventRounds "9"]
[EventCountry "GRE"]
[SourceTitle "CBM 131 Extra"]
[Source "ChessBase"]
[SourceDate "2009.09.03"]
[SourceVersion "2"]
[SourceVersionDate "2009.09.16"]
[SourceQuality "1"]

1. d4 d5 2. c4 c6 3. Nf3 Nf6 4. Nc3 e6 5. Bg5 dxc4 6. e4 b5 7. e5 h6 8. Bh4 g5 9. exf6 gxh4 10. Ne5 Qxf6 11. g3 Bb7 12. Bg2 Bd6 13. Qe2 h3 14. Bf3 a6 15. 0-0 Ra7 16. Ne4 Qd8 17. Bh5 Ba8 18. Qg4 Kf8 19. Nxd6 Qxd6 20. Qf4 f5 21. Ng6+ 1-0

[Event "GRE-chT 37th"]
[Site "Kallithea"]
[Date "2009.07.04"]
[Round "1"]
[White "Tsarouhas, Konstantinos"]
[Black "Argiroudis, Stamatis"]
[Result "1/2-1/2"]
[WhiteElo "2226"]
[BlackElo "2265"]
[PlyCount "69"]
[EventDate "2009.07.03"]
[EventType "team-tourn"]
[EventRounds "9"]
[EventCountry "GRE"]
[SourceTitle "CBM 131 Extra"]
[Source "ChessBase"]
[SourceDate "2009.09.03"]
[SourceVersion "2"]
[SourceVersionDate "2009.09.16"]
[SourceQuality "1"]

1. c4 c5 2. Nf3 e6 3. Nc3 Nc6 4. g3 b6 5. Bg2 Bb7 6. 0-0 Nf6 7. d4 cxd4 8. Nxd4 Qb8 9. Bf4 e5 10. Nxc6 dxc6 11. Bg5 Nd7 12. Qd3 h6 13. Be3 Be7 14. Rad1 Qc7 15. Ne4 Rd8 16. Nd6+ Bxd6 17. Qxd6 Qxd6 18. Rxd6 Ke7 19. Rfd1 Nf6 20. Rxd8 Rxd8 21. Rxd8 Kxd8 22. f4 exf4 23. Bxf4 Kd7 24. Be5 Ba6 25. b3 Bb7 26. Bb8 a5 27. Bh3+ Kd8 28. Ba7 Kc7 29. c5 bxc5 30. Bxc5 g6 31. Bg2 Nd5 32. Kf2 Bc8 33. Bxd5 cxd5 34. Ke3 Bg4 35. Kd3 1/2-1/2

[Event "GRE-chT 36th"]
[Site "Kallithea"]
[Date "2008.07.08"]
[Round "4.5"]
[White "Ris, Robert"]
[Black "Tsarouhas, Konstantinos"]
[Result "1-0"]
[WhiteElo "2415"]
[BlackElo "2240"]
[PlyCount "95"]
[EventDate "2008.07.06"]
[EventType "team-tourn"]
[EventRounds "7"]
[EventCountry "GRE"]
[SourceTitle "CBM 125 Extra"]
[Source "ChessBase"]
[SourceDate "2008.09.01"]
[SourceVersion "1"]
[SourceVersionDate "2008.09.01"]
[SourceQuality "1"]
[WhiteTeam "Heraklion"]
[BlackTeam "Chania"]
[WhiteTeamCountry "GRE"]
[BlackTeamCountry "GRE"]

1. e4 c5 2. Nc3 e6 3. Nf3 d6 4. d4 cxd4 5. Nxd4 Nf6 6. Be3 a6 7. g4 b5 8. Bg2 Bb7 9. a3 Nfd7 10. f4 Nb6 11. b3 N8d7 12. 0-0 Rc8 13. Nce2 Be7 14. Ng3 0-0 15. g5 d5 16. e5 g6 17. h4 Nc5 18. Qg4 Re8 19. h5 Bf8 20. Rad1 Qc7 21. Rf3 Ne4 22. hxg6 hxg6 23. Qh4 Bg7 24. Nf1 Nd7 25. Nh2 Red8 26. Rh3 Qa5 27. Qh7+ Kf8 28. Nxe6+ fxe6 29. Qxg6 Qxa3 30. Ng4 Qe7 31. f5 Qf7 32. Qxf7+ Kxf7 33. g6+ Kg8 34. Bxe4 dxe4 35. f6 Nxe5 36. f7+ Nxf7 37. gxf7+ Kxf7 38. Rf1+ Kg8 39. Rg3 Kh7 40. Rh3+ Kg8 41. Rg3 Kh8 42. Rf7 Rd1+ 43. Kg2 Bd5 44. Nf2 Re1 45. Rgxg7 Rxe3 46. Rh7+ Kg8 47. c4 bxc4 48. Ng4 1-0

[Event "GRE-chT 36th"]
[Site "Kallithea"]
[Date "2008.07.07"]
[Round "3.5"]
[White "Tsarouhas, Konstantinos"]
[Black "Oreopoulos, Konstantinos"]
[Result "0-1"]
[WhiteElo "2240"]
[BlackElo "2284"]
[PlyCount "64"]
[EventDate "2008.07.06"]
[EventType "team-tourn"]
[EventRounds "7"]
[EventCountry "GRE"]
[SourceTitle "CBM 125 Extra"]
[Source "ChessBase"]
[SourceDate "2008.09.01"]
[SourceVersion "1"]
[SourceVersionDate "2008.09.01"]
[SourceQuality "1"]
[WhiteTeam "Chania"]
[BlackTeam "Kalamarias"]
[WhiteTeamCountry "GRE"]
[BlackTeamCountry "GRE"]

1. c4 e5 2. Nc3 Nc6 3. g3 f5 4. Bg2 Nf6 5. a3 g6 6. e3 Bg7 7. Nge2 0-0 8. d4 d6 9. 0-0 Bd7 10. b4 Qe8 11. b5 Nd8 12. a4 Be6 13. dxe5 dxe5 14. Nd5 Rc8 15. Nxf6+ Bxf6 16. Bd5 Rf7 17. Ba3 c6 18. Bxe6 Qxe6 19. Rc1 Rd7 20. Qe1 Nf7 21. Qb4 Ng5 22. Rfd1 c5 23. Qb3 Rf7 24. Rd5 f4 25. exf4 Nh3+ 26. Kf1 b6 27. Re1 Re8 28. fxe5 Bg5 29. f4 Qg4 30. Bc1 Ref8 31. Qd3 Bxf4 32. Nxf4 Rxf4+ 0-1

[Event "GRE-chT 35th"]
[Site "Ermioni Argolidas"]
[Date "2006.07.07"]
[Round "6"]
[White "Tsarouhas, Konstantinos"]
[Black "Dimitrov, Atanas Valtchev"]
[Result "1/2-1/2"]
[WhiteElo "2282"]
[BlackElo "2288"]
[PlyCount "97"]
[EventDate "2006.07.03"]
[EventType "team"]
[EventRounds "9"]
[EventCountry "GRE"]
[SourceTitle "CBM 113 Extra"]
[Source "ChessBase"]
[SourceDate "2006.09.14"]
[SourceVersion "1"]
[SourceVersionDate "2006.09.14"]
[SourceQuality "1"]

1. c4 c6 2. e4 d5 3. exd5 Nf6 4. Qa4 e5 5. Nc3 Bc5 6. b4 Bd4 7. Bb2 0-0 8. Qb3 Bf5 9. Nf3 Re8 10. Be2 a5 11. dxc6 Nxc6 12. b5 e4 13. Nh4 Bxf2+ 14. Kxf2 Ng4+ 15. Bxg4 Qxh4+ 16. g3 Qxg4 17. Nd5 Ne5 18. Bxe5 Rxe5 19. Rhf1 Be6 20. Ne3 Qh3 21. Kg1 h5 22. Qc3 Rg5 23. Rf4 h4 24. Nf1 hxg3 25. Nxg3 Rd8 26. Rxe4 Bf5 27. Re3 Be6 28. Rf1 b6 29. Rf2 Rc8 30. d3 Rxb5 31. Rg2 Bd5 32. Rf2 Be6 33. Qa1 Rg5 34. Qd4 b5 35. Rf4 Qh6 36. Rh4 Qg6 37. Kf2 bxc4 38. dxc4 Qc2+ 39. Ne2 Qxc4 40. Qxc4 Rxc4 41. Rxc4 Bxc4 42. Nc3 g6 43. a3 Kg7 44. Kf3 Rf5+ 45. Kg3 Be6 46. Ne2 Rg5+ 47. Kf3 Bd5+ 48. Kf4 Rg2 49. h3 1/2-1/2

[Event "GRE-chT 35th"]
[Site "Ermioni Argolidas"]
[Date "2006.07.05"]
[Round "3"]
[White "Tsarouhas, Konstantinos"]
[Black "Vouldis, Angelos"]
[Result "0-1"]
[WhiteElo "2282"]
[BlackElo "2521"]
[PlyCount "52"]
[EventDate "2006.07.03"]
[EventType "team"]
[EventRounds "9"]
[EventCountry "GRE"]
[SourceTitle "CBM 113 Extra"]
[Source "ChessBase"]
[SourceDate "2006.09.14"]
[SourceVersion "1"]
[SourceVersionDate "2006.09.14"]
[SourceQuality "1"]

1. c4 Nf6 2. Nc3 e6 3. e4 c5 4. e5 Ng8 5. Nf3 d6 6. exd6 Bxd6 7. d4 cxd4 8. Nxd4 a6 9. Nb3 Qc7 10. c5 Be5 11. Ne4 Nf6 12. Nd6+ Ke7 13. Nc4 Nc6 14. Nxe5 Qxe5+ 15. Qe2 Qf5 16. Qc4 Rd8 17. Be2 Ne5 18. Qh4 Nd3+ 19. Kf1 Nxc1 20. Rxc1 g5 21. Qg3 a5 22. h4 a4 23. Na1 a3 24. b4 g4 25. Kg1 Rd2 26. Bb5 Ne4 0-1

[Event "GRE-chT 35th"]
[Site "Ermioni Argolidas"]
[Date "2006.07.??"]
[Round "8"]
[White "Tsarouhas, Konstantinos"]
[Black "Kanellopoulos, Panayotis"]
[Result "1-0"]
[WhiteElo "2282"]
[BlackElo "2271"]
[PlyCount "97"]
[EventDate "2006.07.03"]
[EventType "team"]
[EventRounds "9"]
[EventCountry "GRE"]
[SourceTitle "CBM 113 Extra"]
[Source "ChessBase"]
[SourceDate "2006.09.14"]
[SourceVersion "1"]
[SourceVersionDate "2006.09.14"]
[SourceQuality "1"]

1. c4 Nf6 2. Nc3 g6 3. g3 Bg7 4. Bg2 0-0 5. Nf3 d6 6. 0-0 Nbd7 7. d4 e5 8. dxe5 dxe5 9. h3 c6 10. Be3 Qe7 11. Qd2 Re8 12. Rad1 Nc5 13. Ng5 Ne6 14. Nf3 Nc5 15. Ng5 h6 16. b4 Ncd7 17. Nge4 Qxb4 18. Nd6 Rd8 19. Rb1 Qa3 20. Rb3 Qa5 21. Rxb7 Bf8 22. Nxc8 Nc5 23. Nd5 Qxd2 24. Nxf6+ Kg7 25. Bxd2 Nxb7 26. Bxc6 Rxd2 27. Bxb7 Rb8 28. Ne4 Rd4 29. e3 Rxc4 30. Ncd6 Rc2 31. g4 Bxd6 32. Nxd6 Rd2 33. Nc4 Rxa2 34. Bd5 f6 35. e4 Rc2 36. Ra1 h5 37. Rxa7+ Kh6 38. gxh5 Kxh5 39. Kg2 Rd8 40. Ne3 Rc1 41. Kg3 Rg1+ 42. Kf3 Rh8 43. Rg7 Kg5 44. Be6 f5 45. exf5 Rxh3+ 46. Ke4 Kf6 47. Rf7+ Kg5 48. Kxe5 Rf3 49. fxg6 1-0

[Event "Porto Carras op 2nd"]
[Site "Porto Carras"]
[Date "2005.04.26"]
[Round "6"]
[White "Tsarouhas, Konstantinos"]
[Black "Troffiguer, Olivier"]
[Result "1-0"]
[WhiteElo "2293"]
[BlackElo "2137"]
[PlyCount "53"]
[EventDate "2005.04.22"]
[EventType "swiss"]
[EventRounds "9"]
[EventCountry "GRE"]
[SourceTitle "CBM 105 Extra"]
[Source "ChessBase"]
[SourceDate "2005.05.01"]
[SourceVersion "1"]
[SourceVersionDate "2005.05.01"]
[SourceQuality "1"]

1. c4 f5 2. Nc3 Nf6 3. g3 g6 4. Bg2 Bg7 5. e3 d6 6. Nge2 c6 7. 0-0 0-0 8. Rb1 e5 9. d3 Be6 10. b4 d5 11. cxd5 Nxd5 12. Qc2 Rf7 13. Nxd5 Bxd5 14. Bxd5 cxd5 15. Bb2 Nd7 16. Rfc1 Nb6 17. Qb3 Rc8 18. a4 Rxc1+ 19. Rxc1 Qd7 20. b5 f4 21. exf4 Qg4 22. a5 Qxe2 23. axb6 axb6 24. Rc8+ Bf8 25. Bxe5 Qf3 26. Bb2 g5 27. Qc3 1-0

[Event "Porto Carras op 2nd"]
[Site "Porto Carras"]
[Date "2005.04.24"]
[Round "3"]
[White "Kiriakopoulos, Antonios"]
[Black "Tsarouhas, Konstantinos"]
[Result "1-0"]
[WhiteElo "2079"]
[BlackElo "2293"]
[PlyCount "71"]
[EventDate "2005.04.22"]
[EventType "swiss"]
[EventRounds "9"]
[EventCountry "GRE"]
[SourceTitle "CBM 105 Extra"]
[Source "ChessBase"]
[SourceDate "2005.05.01"]
[SourceVersion "1"]
[SourceVersionDate "2005.05.01"]
[SourceQuality "1"]

1. e4 c5 2. f4 Nc6 3. Nf3 e6 4. Nc3 Qb6 5. b3 d6 6. Bb2 Nf6 7. Qe2 a6 8. 0-0-0 Be7 9. g4 Qc7 10. g5 Nd7 11. Bh3 b5 12. f5 Nde5 13. fxe6 fxe6 14. Rdf1 Bd7 15. Nd1 0-0 16. Nxe5 dxe5 17. Qg4 Nd4 18. Ne3 Rf4 19. Rxf4 exf4 20. g6 fxe3 21. gxh7+ Kh8 22. dxe3 Bf6 23. exd4 cxd4 24. Qe2 Rc8 25. Kb1 b4 26. Rd1 Bb5 27. Qf2 Qd6 28. Bf1 Bxf1 29. Qxf1 Qxh2 30. Qd3 a5 31. Rf1 e5 32. Rf5 Qg2 33. Rf1 Qg4 34. Rh1 Bg5 35. Qa6 Bf4 36. a3 1-0